000
00298nam a2200121Ia 4500
008
231129s9999||||xx |||||||||||||| ||spa||
040
_b
spa
082
_a
398.234 S425c
100
_a
Scott-Elliot W
245
0
_a
Los continentes perdidos: Lemuria y Atlantida
264
_a
Kier
942
_2
ddc
_c
BKS
999
_c
19571
_d
19571